[Event "Leon 30th"]
[Site "Leon"]
[Date "2017.07.08"]
[Round "1.2"]
[White "Santos Latasa, Jaime"]
[Black "Anand, Viswanathan"]
[Result "1-0"]
[WhiteElo "2542"]
[BlackElo "2783"]
[PlyCount "109"]
[EventDate "2017.07.07"]
[EventType "k.o. (rapid)"]
[EventRounds "2"]
[EventCountry "ESP"]
[SourceTitle "CBM 180"]
[Source "ChessBase"]
[SourceDate "2017.09.13"]
[SourceVersion "1"]
[SourceVersionDate "2017.09.13"]
[SourceQuality "1"]

1. d4 Nf6 2. c4 e6 3. Nf3 d5 4. g3 Bb4+ 5. Bd2 Be7 6. Bg2 O-O 7. O-O Nbd7 8.
Qc2 c6 9. Bf4 b6 10. Rd1 Bb7 11. Ne5 Nh5 12. Bc1 Nhf6 13. cxd5 cxd5 14. Nc6
Bxc6 15. Qxc6 Qc8 16. Qxc8 Rfxc8 17. Nc3 a6 18. e4 dxe4 19. Nxe4 Nd5 20. Bd2
N7f6 21. Nc3 Nxc3 22. bxc3 Nd5 23. Rdb1 Rab8 24. Rb3 h6 25. a4 Bg5 26. f4 Bf6
27. Kf1 g6 28. Ke1 Bd8 29. Bf1 Ra8 30. Rab1 Ne7 31. Bd3 Nc6 32. Ke2 h5 33. Be4
Ra7 34. Kd3 Na5 35. Rb4 Rd7 36. Be1 Kf8 37. Bf3 Nc6 38. Rc4 Rdc7 39. Rxb6 Ne5+
40. fxe5 Rxc4 41. Rxa6 R4c7 42. a5 Ke8 43. Rd6 Ra7 44. a6 Bc7 45. Bc6+ Kf8 46.
Rd7 Rb8 47. d5 Bb6 48. Rxa7 Bxa7 49. d6 Rb6 50. Bb7 Rb5 51. Bd2 Rxe5 52. Bh6+
Ke8 53. Bc6+ Kd8 54. Bg7 Rf5 55. Bf8 1-0

[Event "Leon 30th"]
[Site "Leon"]
[Date "2017.07.08"]
[Round "1.3"]
[White "Anand, Viswanathan"]
[Black "Santos Latasa, Jaime"]
[Result "1-0"]
[WhiteElo "2783"]
[BlackElo "2542"]
[PlyCount "79"]
[EventDate "2017.07.07"]
[EventType "k.o. (rapid)"]
[EventRounds "2"]
[EventCountry "ESP"]
[SourceTitle "CBM 180"]
[Source "ChessBase"]
[SourceDate "2017.09.13"]
[SourceVersion "1"]
[SourceVersionDate "2017.09.13"]
[SourceQuality "1"]

1. Nf3 Nf6 2. e3 c5 3. d4 cxd4 4. exd4 d5 5. Bf4 Nc6 6. c3 Bg4 7. Qb3 Na5 8.
Qa4+ Bd7 9. Qc2 Nc6 10. Nbd2 Rc8 11. Qb3 Na5 12. Qd1 Nc6 13. h3 g6 14. Bd3 Bg7
15. O-O O-O 16. Re1 Qb6 17. Rb1 Rfe8 18. Ne5 Be6 19. a4 Red8 20. Nxc6 Qxc6 21.
a5 Qd7 22. Qb3 a6 23. Qb4 Bf8 24. Nf3 Ra8 25. Rbc1 Bf5 26. Ne5 Qc8 27. Bf1 Be6
28. Qb3 Ne4 29. c4 dxc4 30. Bxc4 Bxc4 31. Nxc4 Qf5 32. Qf3 Nd6 33. Re5 Qf6 34.
Nb6 Rab8 35. Nd5 Qh4 36. g4 Bh6 37. Rxe7 Bxf4 38. Qxf4 Qxh3 39. Rcc7 h5 40.
Rxf7 1-0

[Event "Leon 30th"]
[Site "Leon"]
[Date "2017.07.08"]
[Round "1.4"]
[White "Santos Latasa, Jaime"]
[Black "Anand, Viswanathan"]
[Result "1/2-1/2"]
[WhiteElo "2542"]
[BlackElo "2783"]
[PlyCount "91"]
[EventDate "2017.07.07"]
[EventType "k.o. (rapid)"]
[EventRounds "2"]
[EventCountry "ESP"]
[SourceTitle "CBM 180"]
[Source "ChessBase"]
[SourceDate "2017.09.13"]
[SourceVersion "1"]
[SourceVersionDate "2017.09.13"]
[SourceQuality "1"]

1. e4 c6 2. d4 d5 3. exd5 cxd5 4. Bd3 Nc6 5. c3 Qc7 6. Ne2 Bg4 7. O-O e6 8. Qe1
Bd6 9. f3 Bh5 10. Qh4 Nf6 11. Nf4 Bxf4 12. Bxf4 Qe7 13. Bg5 Bg6 14. Bxg6 fxg6
15. Nd2 h6 16. Rae1 O-O 17. Bxf6 Rxf6 18. Qg3 a5 19. Nb3 a4 20. Nc5 b6 21. Nd3
g5 22. a3 Na5 23. Ne5 Rc8 24. Qf2 Nc4 25. Nd3 Qc7 26. Qc2 Qc6 27. Re2 Qd7 28.
Rfe1 Re8 29. h3 Re7 30. Nf2 Kh8 31. Ng4 Rf8 32. Ne5 Nxe5 33. Rxe5 Rf6 34. Qe2
Qc6 35. Qa6 Kg8 36. R1e3 Rd7 37. Qe2 Rd6 38. Qf2 Qb5 39. Kh2 Kh8 40. Re2 Qe8
41. Qg3 Qd7 42. Qg4 Rf4 43. Qg3 Kg8 44. Qe1 Kf7 45. Qb1 Kg8 46. Qc2 1/2-1/2

[Event "Leon 30th"]
[Site "Leon"]
[Date "2017.07.08"]
[Round "1.6"]
[White "Santos Latasa, Jaime"]
[Black "Anand, Viswanathan"]
[Result "0-1"]
[WhiteElo "2542"]
[BlackElo "2783"]
[PlyCount "70"]
[EventDate "2017.07.07"]
[EventType "k.o. (rapid)"]
[EventRounds "2"]
[EventCountry "ESP"]
[SourceTitle "CBM 180"]
[Source "ChessBase"]
[SourceDate "2017.09.13"]
[SourceVersion "1"]
[SourceVersionDate "2017.09.13"]
[SourceQuality "1"]

1. e4 e5 2. Nf3 Nc6 3. Bb5 Nf6 4. O-O Nxe4 5. Re1 Nd6 6. Nxe5 Be7 7. Bf1 O-O 8.
d4 Nf5 9. c3 Nxe5 10. Rxe5 d6 11. Re1 d5 12. Bd3 Bd6 13. Nd2 Re8 14. Rxe8+ Qxe8
15. Nf3 Ne7 16. Bg5 f6 17. Bd2 Bf5 18. Bxf5 Nxf5 19. Qb3 Qc6 20. Re1 a5 21. a4
Ne7 22. g3 Kf7 23. Kg2 Rb8 24. Qc2 g6 25. b3 b5 26. axb5 Rxb5 27. c4 Bb4 28.
Qd3 Rb8 29. Qe2 Qd7 30. Qd3 Nc6 31. Bxb4 Rxb4 32. cxd5 Qxd5 33. Qe3 Rxb3 34.
Qe8+ Kg7 35. Re4 Rxf3 0-1

[Event "Leon 30th"]
[Site "Leon"]
[Date "2017.07.09"]
[Round "2.1"]
[White "So, Wesley"]
[Black "Anand, Viswanathan"]
[Result "1/2-1/2"]
[WhiteElo "2810"]
[BlackElo "2783"]
[PlyCount "77"]
[EventDate "2017.07.07"]
[EventType "k.o. (rapid)"]
[EventRounds "2"]
[EventCountry "ESP"]
[SourceTitle "CBM 180"]
[Source "ChessBase"]
[SourceDate "2017.09.13"]
[SourceVersion "1"]
[SourceVersionDate "2017.09.13"]
[SourceQuality "1"]

1. e4 e5 2. Nf3 Nc6 3. Bb5 Nf6 4. d3 Bc5 5. c3 O-O 6. O-O Re8 7. Bg5 a6 8. Bc4
Be7 9. a4 d6 10. Nbd2 h6 11. Bh4 Nh5 12. Bxe7 Qxe7 13. Re1 Nf4 14. Nf1 Be6 15.
Bxe6 Qxe6 16. g3 Ng6 17. d4 exd4 18. cxd4 d5 19. e5 a5 20. Rc1 Qd7 21. Ne3 Nf8
22. Qb3 Nb4 23. Nc2 Nxc2 24. Rxc2 Ne6 25. Rc3 Reb8 26. Qb5 Qxb5 27. axb5 a4 28.
Ra1 Ra5 29. b4 Ra7 30. Rca3 Rba8 31. Rc1 g5 32. h3 h5 33. g4 hxg4 34. hxg4 Kg7
35. Kf1 Rh8 36. Ke2 Rh3 37. Rca1 Ra8 38. Rxa4 Nf4+ 39. Ke3 1/2-1/2

[Event "Leon 30th"]
[Site "Leon"]
[Date "2017.07.09"]
[Round "2.2"]
[White "Anand, Viswanathan"]
[Black "So, Wesley"]
[Result "1/2-1/2"]
[WhiteElo "2783"]
[BlackElo "2810"]
[PlyCount "127"]
[EventDate "2017.07.07"]
[EventType "k.o. (rapid)"]
[EventRounds "2"]
[EventCountry "ESP"]
[SourceTitle "CBM 180"]
[Source "ChessBase"]
[SourceDate "2017.09.13"]
[SourceVersion "1"]
[SourceVersionDate "2017.09.13"]
[SourceQuality "1"]

1. e4 e6 2. d4 d5 3. Nc3 Bb4 4. e5 c5 5. a3 Bxc3+ 6. bxc3 Ne7 7. Qg4 Kf8 8. Bd2
b6 9. Nf3 Ba6 10. dxc5 Bxf1 11. Kxf1 bxc5 12. h4 h5 13. Qf4 Ng6 14. Qe3 Nd7 15.
Rh3 Rb8 16. c4 d4 17. Qe4 Qc7 18. Re1 Qb7 19. Qd3 Kg8 20. Rg3 Ne7 21. Kg1 Nf5
22. Rg5 Nf8 23. Bf4 Ng6 24. Bg3 Re8 25. Nd2 Qe7 26. Ne4 Rf8 27. Rb1 Rh6 28. Qf3
Nfxh4 29. Bxh4 Nxh4 30. Qf6 Qxf6 31. exf6 Rg6 32. Rb5 Rxg5 33. Nxg5 gxf6 34.
Ne4 f5 35. Nf6+ Kg7 36. Nxh5+ Kh6 37. Nf4 Rg8 38. Rxc5 e5 39. Nd3 Rxg2+ 40. Kf1
e4 41. Ne1 Rh2 42. Rc8 Rh1+ 43. Ke2 f4 44. Rh8+ Kg7 45. Rh5 Kg6 46. Rh8 Kg7 47.
Rh5 f3+ 48. Nxf3 exf3+ 49. Kd2 Kf6 50. c5 Ke6 51. Rh6+ Kd7 52. a4 Kc7 53. a5 f6
54. Kd3 Rd1+ 55. Ke4 Ng2 56. Rxf6 Rd2 57. a6 Rxc2 58. Rf7+ Kc6 59. Rxa7 Rxf2
60. Rf7 Kxc5 61. Rxf3 Ra2 62. Rf8 Ra4 63. a7 Rxa7 64. Rc8+ 1/2-1/2

[Event "Leon 30th"]
[Site "Leon"]
[Date "2017.07.09"]
[Round "2.3"]
[White "So, Wesley"]
[Black "Anand, Viswanathan"]
[Result "1/2-1/2"]
[WhiteElo "2810"]
[BlackElo "2783"]
[PlyCount "64"]
[EventDate "2017.07.07"]
[EventType "k.o. (rapid)"]
[EventRounds "2"]
[EventCountry "ESP"]
[SourceTitle "CBM 180"]
[Source "ChessBase"]
[SourceDate "2017.09.13"]
[SourceVersion "1"]
[SourceVersionDate "2017.09.13"]
[SourceQuality "1"]

1. d4 Nf6 2. c4 e6 3. Nc3 Bb4 4. e3 O-O 5. Bd3 c5 6. Nge2 d5 7. cxd5 cxd4 8.
exd4 Nxd5 9. a3 Bd6 10. Qc2 h6 11. O-O Nc6 12. Rd1 Nxc3 13. Nxc3 Ne7 14. Qe2
Re8 15. Qe4 Ng6 16. Be3 a6 17. g3 f5 18. Qf3 Rb8 19. Qh5 Ne7 20. d5 e5 21. Ba7
Ra8 22. Bb6 g6 23. Bxd8 gxh5 24. Bb6 Bd7 25. b4 Rac8 26. Rac1 Kg7 27. h4 Ng8
28. Bf1 Nf6 29. Bg2 Rc4 30. Bf1 Rcc8 31. Bg2 Rc4 32. Bf1 Rcc8 1/2-1/2

[Event "Leon 30th"]
[Site "Leon"]
[Date "2017.07.09"]
[Round "2.4"]
[White "Anand, Viswanathan"]
[Black "So, Wesley"]
[Result "1/2-1/2"]
[WhiteElo "2783"]
[BlackElo "2810"]
[PlyCount "132"]
[EventDate "2017.07.07"]
[EventType "k.o. (rapid)"]
[EventRounds "2"]
[EventCountry "ESP"]
[SourceTitle "CBM 180"]
[Source "ChessBase"]
[SourceDate "2017.09.13"]
[SourceVersion "1"]
[SourceVersionDate "2017.09.13"]
[SourceQuality "1"]

1. e4 e5 2. Nf3 Nf6 3. Nxe5 d6 4. Nf3 Nxe4 5. Nc3 Nxc3 6. dxc3 Be7 7. Be3 Nd7
8. Bd3 O-O 9. Qe2 Re8 10. O-O-O Bf6 11. h4 Nf8 12. Ng5 d5 13. Qh5 g6 14. Qf3 h5
15. Qg3 Bg4 16. Rde1 c6 17. f3 Bd7 18. Qf2 Qa5 19. Kb1 Re7 20. g4 Rae8 21. Bd2
Qb6 22. Qxb6 Rxe1+ 23. Bxe1 axb6 24. gxh5 gxh5 25. Bf2 c5 26. c4 dxc4 27. Ne4
Be7 28. Bxc4 Ng6 29. Bd5 Bc6 30. c4 Rd8 31. Bxc6 bxc6 32. Kc2 Ne5 33. Nd2 Nd3
34. Be3 f5 35. Rg1+ Kf7 36. Bg5 Nb4+ 37. Kd1 Nxa2 38. Bxe7 Kxe7 39. Rg5 Kf6 40.
Rxh5 Nb4 41. b3 Ke5 42. Rh7 Kd4 43. Re7 Rh8 44. f4 Kd3 45. Nf3 Nc2 46. Re2 Nd4
47. Ne5+ Kc3 48. Re3+ Kb4 49. Rh3 Rh5 50. Kc1 Nxb3+ 51. Kb2 Nd4 52. Rc3 b5 53.
cxb5 cxb5 54. Nd3+ Ka5 55. Rxc5 Rxh4 56. Rd5 Rh2+ 57. Kb1 Rh1+ 58. Kb2 Rh2+ 59.
Kb1 Ne2 60. Rxf5 Nc3+ 61. Kc1 Ka4 62. Re5 Kb3 63. Nc5+ Kc4 64. Ne4 Ne2+ 65. Kd1
Nd4 66. Nd2+ Rxd2+ 1/2-1/2

[Event "Leon 30th"]
[Site "Leon"]
[Date "2017.07.09"]
[Round "2.5"]
[White "So, Wesley"]
[Black "Anand, Viswanathan"]
[Result "1-0"]
[WhiteElo "2810"]
[BlackElo "2783"]
[PlyCount "45"]
[EventDate "2017.07.07"]
[EventType "k.o. (rapid)"]
[EventRounds "2"]
[EventCountry "ESP"]
[SourceTitle "CBM 180"]
[Source "ChessBase"]
[SourceDate "2017.09.13"]
[SourceVersion "1"]
[SourceVersionDate "2017.09.13"]
[SourceQuality "1"]

1. Nf3 d5 2. g3 c5 3. Bg2 Nf6 4. O-O g6 5. c4 dxc4 6. Qa4+ Bd7 7. Qxc4 Qb6 8.
Nc3 Bg7 9. d3 O-O 10. Be3 Rc8 11. Rab1 Be6 12. Qh4 Qa6 13. Ng5 Nbd7 14. Nxe6
fxe6 15. Qc4 Qxc4 16. dxc4 Rab8 17. Rfd1 Ne5 18. b3 b6 19. Nb5 a6 20. Bf4 Nfg4
21. Na7 Rc7 22. Nc6 Rbc8 23. Nd8 1-0

[Event "Leon 30th"]
[Site "Leon"]
[Date "2017.07.09"]
[Round "2.6"]
[White "Anand, Viswanathan"]
[Black "So, Wesley"]
[Result "1/2-1/2"]
[WhiteElo "2783"]
[BlackElo "2810"]
[PlyCount "77"]
[EventDate "2017.07.07"]
[EventType "k.o. (rapid)"]
[EventRounds "2"]
[EventCountry "ESP"]
[SourceTitle "CBM 180"]
[Source "ChessBase"]
[SourceDate "2017.09.13"]
[SourceVersion "1"]
[SourceVersionDate "2017.09.13"]
[SourceQuality "1"]

1. e4 e5 2. Nf3 Nf6 3. Nxe5 d6 4. Nf3 Nxe4 5. Nc3 Nxc3 6. dxc3 Be7 7. Be3 O-O
8. Bd3 Nc6 9. Qe2 Bg4 10. h3 Bxf3 11. Qxf3 Ne5 12. Qxb7 Rb8 13. Qxa7 Rxb2 14.
O-O Bf6 15. a4 Qc8 16. Rab1 Nc6 17. Qa6 Qxa6 18. Bxa6 Rfb8 19. Bb5 Rxb1 20.
Rxb1 Na5 21. Rd1 Bxc3 22. Rd3 Bb4 23. c3 Ba3 24. Rd1 Kf8 25. h4 c6 26. Bd3 g6
27. Re1 f6 28. Ra1 Bc5 29. Bxc5 dxc5 30. Rb1 Rd8 31. Bf1 Ke7 32. g3 c4 33. Rb6
Ra8 34. Rb2 Nb3 35. Ra2 Ra5 36. Bxc4 Nc5 37. Bg8 h6 38. Bh7 Rxa4 39. Rxa4
1/2-1/2

[Event "Sinquefield Cup 5th"]
[Site "Saint Louis"]
[Date "2017.08.03"]
[Round "2"]
[White "Svidler, Peter"]
[Black "Anand, Viswanathan"]
[Result "1/2-1/2"]
[WhiteElo "2749"]
[BlackElo "2783"]
[PlyCount "61"]
[EventDate "2017.08.02"]
[EventType "tourn"]
[EventRounds "9"]
[EventCountry "USA"]
[EventCategory "22"]
[SourceTitle "CBM 180"]
[Source "ChessBase"]
[SourceDate "2017.09.13"]
[SourceVersion "1"]
[SourceVersionDate "2017.09.13"]
[SourceQuality "1"]

1. c4 c5 2. Nf3 Nc6 3. Nc3 Nf6 4. e3 e6 5. d4 d5 6. cxd5 exd5 7. Bb5 cxd4 8.
Nxd4 Bd7 9. O-O Bd6 10. Nf3 a6 11. Ba4 Be6 12. Ne2 O-O 13. Nf4 Bxf4 14. exf4 b5
15. Bb3 Bg4 16. h3 Bxf3 17. Qxf3 Nd4 18. Qd3 Nxb3 19. axb3 d4 20. Bd2 Re8 21.
Rfd1 Qd5 22. Ba5 h6 23. Qxd4 Qxb3 24. f5 Re4 25. Qc3 Qxc3 26. Bxc3 b4 27. Be1
a5 28. f3 Re2 29. Bxb4 Rxb2 30. Bxa5 Rb5 31. Rd8+ 1/2-1/2

[Event "Sinquefield Cup 5th"]
[Site "Saint Louis"]
[Date "2017.08.05"]
[Round "4"]
[White "Aronian, Levon"]
[Black "Anand, Viswanathan"]
[Result "1/2-1/2"]
[WhiteElo "2809"]
[BlackElo "2783"]
[PlyCount "54"]
[EventDate "2017.08.02"]
[EventType "tourn"]
[EventRounds "9"]
[EventCountry "USA"]
[EventCategory "22"]
[SourceTitle "CBM 180"]
[Source "ChessBase"]
[SourceDate "2017.09.13"]
[SourceVersion "1"]
[SourceVersionDate "2017.09.13"]
[SourceQuality "1"]

1. c4 c5 2. Nf3 Nc6 3. Nc3 Nf6 4. g3 d5 5. cxd5 Nxd5 6. Bg2 g6 7. h4 Bg7 8. h5
Bf5 9. Ng5 e6 10. h6 Bf6 11. Nge4 Be7 12. d3 Bxe4 13. Bxe4 O-O 14. Bd2 Qd7 15.
Rc1 Rfd8 16. Bg2 b6 17. Qa4 Rab8 18. O-O Nd4 19. Qxd7 Rxd7 20. Rfe1 Rbd8 21. g4
Nb4 22. a3 Nd5 23. Nxd5 exd5 24. Rc3 Nb5 25. Rc2 Nd4 26. Rc3 Nb5 27. Rc2 Nd4
1/2-1/2

[Event "Sinquefield Cup 5th"]
[Site "Saint Louis"]
[Date "2017.08.08"]
[Round "6"]
[White "Karjakin, Sergey"]
[Black "Anand, Viswanathan"]
[Result "1/2-1/2"]
[WhiteElo "2773"]
[BlackElo "2783"]
[PlyCount "60"]
[EventDate "2017.08.02"]
[EventType "tourn"]
[EventRounds "9"]
[EventCountry "USA"]
[EventCategory "22"]
[SourceTitle "CBM 180"]
[Source "ChessBase"]
[SourceDate "2017.09.13"]
[SourceVersion "1"]
[SourceVersionDate "2017.09.13"]
[SourceQuality "1"]

1. d4 Nf6 2. Bf4 d5 3. e3 e6 4. Nf3 Bd6 5. Nbd2 c5 6. Bb5+ Nc6 7. dxc5 Bxc5 8.
c4 Bd7 9. O-O O-O 10. cxd5 Nxd5 11. Bg3 Ne5 12. Bxd7 Nxf3+ 13. Nxf3 Qxd7 14.
Qb3 Nb6 15. Rfd1 Qa4 16. Qxa4 Nxa4 17. Be5 f6 18. b3 Nb6 19. Bd4 Rac8 20. e4 e5
21. Bxc5 Rxc5 22. Rac1 Rxc1 23. Rxc1 Rc8 24. Rxc8+ Nxc8 25. Nd2 Kf7 26. f3 Ke6
27. Kf2 Kd6 28. Ke3 Kc5 29. a3 Nd6 30. Kd3 a5 1/2-1/2

[Event "Sinquefield Cup 5th"]
[Site "Saint Louis"]
[Date "2017.08.09"]
[Round "7"]
[White "Anand, Viswanathan"]
[Black "Nepomniachtchi, Ian"]
[Result "1-0"]
[WhiteElo "2783"]
[BlackElo "2742"]
[Annotator "Mekhitarian,K"]
[PlyCount "79"]
[EventDate "2017.08.02"]
[EventType "tourn"]
[EventRounds "9"]
[EventCountry "USA"]
[EventCategory "22"]
[SourceTitle "CBM 180"]
[Source "ChessBase"]
[SourceDate "2017.09.13"]
[SourceVersion "1"]
[SourceVersionDate "2017.09.13"]
[SourceQuality "1"]

1. e4 c5 2. Nf3 d6 3. d4 cxd4 4. Nxd4 Nf6 5. Nc3 a6 6. h3 {According to my
research, Anand has a whopping 2958 performance over 10 classical games with
this move! 5 wins and 5 draws against a 2767 opposition. Not bad, eh?} e5 {
The main response. Black could also mainly play with e6. g6 and Nc6 are also
playable alternatives to face the scary Adams attack!} 7. Nde2 h5 {The most
fashionable move, Black avoids the kingside expansion, at the price of
slightly weakening his own kingside. Now White has two main moves: Bg5 or g3.}
(7... b5 8. g4 $1 {developing with Bg2 and Ng3.}) 8. Bg5 {going for the
exchange right away} (8. g3 $5 {has been seen in a couple of hundred games in
recent practice. Nakamura used it in the same tournament against MVL} Nbd7 9.
Bg2 b5 10. Nd5 Nxd5 11. Qxd5 Qc7 12. Be3 Bb7 13. Qd2 Rc8 14. Nc3 Nb6 $1 {
establishing good control over d5} 15. Bxb6 Qxb6 16. a4 Be7 17. axb5 axb5 18.
h4 O-O 19. O-O Rc4 $132 {½-½ (33) Nakamura,H (2792)-Vachier Lagrave,M (2791)
Saint Louis 2017, with enough counterplay.}) 8... Be6 9. Bxf6 Qxf6 10. Nd5 Qd8
11. Qd3 Nd7 12. O-O-O {White puts his chips on his better development and
prospects for the initiative, while Black sits there with the bishop pair and
a solid pawn structure} g6 13. Kb1 Nc5 (13... Rc8 {Anand scored a great win
against Topalov in 2015} 14. Nec3 Rc5 $6 {a step in the wrong direction, later
it was found that the plan with ...Nc5 (as Nepo played) is the most consistent}
15. Be2 b5 16. a3 Nb6 17. g4 $1 {gets there quickly} hxg4 18. Nxb6 Qxb6 19.
hxg4 Rxh1 20. Rxh1 Bg7 21. Qe3 Qb7 22. Rd1 Qc7 23. g5 Qc6 24. Rg1 Qd7 25. Qg3
Rc8 26. Bg4 Bxg4 27. Qxg4 Qxg4 28. Rxg4 $16 {1-0 (74) Anand,V (2796)-Topalov,V
(2803) London 2015, keeping a very strong positional advantage.}) (13... Bh6
14. g3 Nc5 15. Qa3 b5 16. Nec3 O-O 17. Be2 Rb8 18. b4 $2 {trying to play
similar to the Salem-Areshchenko game} a5 $1 19. Ka1 (19. bxc5 b4 $17 {is
devastating}) 19... axb4 20. Qxb4 Na6 21. Qb3 Qa5 22. g4 h4 23. g5 Bxg5 24.
Rhg1 Nc5 25. Qb4 Bd8 $19 {0-1 (33) Ameir,M (2399)-Wei,Y (2728) Khanty-Mansiysk
2017}) 14. Qf3 (14. Qa3 $5 Bxd5 (14... Bg7 $5) (14... Bh6 $5 {similar to the
Ameir - Wei Yi game mentioned above, keeping the flexibility}) 15. Rxd5 Bg7 16.
Nc3 O-O 17. h4 b5 18. f3 Rb8 19. b4 $1 {a very nice move, connected with a
deep idea} Ne6 20. Qxa6 Nc7 21. Qc6 Nxd5 22. Nxd5 $16 {a great exchange
sacrifice. Now White dominates positionally and he went on to win the game
convincingly} f5 23. Bxb5 {White's queenside looks too open, but Black doesn't
have the right pieces to attack, not to mention the completely passive
g7-bishop} fxe4 24. fxe4 Rf7 25. a4 Rc8 26. Qb6 Qf8 27. Qe3 Bh6 28. Qe2 Ra8 29.
a5 $18 {1-0 (41) Salem,A (2652)-Areshchenko,A (2682) Sharjah 2017}) 14... Bg7
15. Nec3 b5 16. Ne3 O-O 17. Rg1 $146 (17. g4 $5 h4 18. Rg1 Qg5 $2 (18... Bh6 {
was the provocative reply} 19. g5 $5 Bxg5 20. Nf5 $40) 19. Rxd6 Rfd8 20. Rc6 $1
Rac8 21. Rxc8 Bxc8 22. Bg2 Rd4 23. Rd1 Bb7 24. Ncd5 Rxe4 $2 (24... b4 $1 $44)
25. c3 $1 $16 {1-0 (38) Eljanov,P (2757)-Oparin,G (2621) Novi Sad 2016}) 17...
Bh6 18. Ncd5 {Black could have kept the e6-bishop with natural moves like ...
Rc8 or ...Kg7.} Bxe3 (18... Rc8 $5) (18... Kg7 $5) 19. Qxe3 Rc8 20. Be2 Kg7 (
20... Bxd5 21. Rxd5 Qe7 {would be similar to the game.}) 21. f4 Bxd5 22. Rxd5
exf4 23. Qxf4 Re8 $1 24. Rxd6 Qe7 {Black has no problems because e4 is falling
next move.} 25. e5 (25. Bf3 Nxe4 26. Bxe4 Rc4 $1 $15 {the safest, which may
even give Black an edge, with the nice initiative on the e-file.}) 25... Qxe5
26. Qxe5+ Rxe5 27. Bf3 Ne4 {Making things interesting, most likely for White.
I believe Nepo thought the endgame with bishop against knight could be
somewhat dangerous, that's why he forced the exchange.} (27... a5 $1 {Anand's
suggestion in the post-mortem as well, Black doesn't have any problems int he
endgame, all his pieces are well placed.}) 28. Bxe4 Rxe4 29. Rxa6 Re2 30. c3 h4
31. Ra5 b4 $2 {The losing mistake.} (31... Rb8 $1 {was forced, and Black has
enough compensation to equalise. A sample line:} 32. a3 (32. Ra3 {Anand said
in the post mortem he was considering this move} Rd8 33. Rb3 Rd5 $1 {with
excellent counterplay again, f5-g5 is coming}) 32... Rb6 33. Ra7 Rf6 34. Rb7
Rf5 35. Ka2 Kh6 $132) 32. cxb4 Rcc2 33. b3 $1 {Maybe Black overlooked this
idea, and didn't realise White has no problems after Ka1.} Rb2+ 34. Ka1 $18 {
With the queenside safe, the b-pawn may start marching, while Black has to
spend some tempi to grab both g2 and h3.} Rxg2 35. Rxg2 Rxg2 36. b5 Re2 37. b6
Re8 38. b7 Rb8 39. Rb5 f5 40. Kb2 $1 {Bringing the king over to control the
f-pawn and finishing the last hope for Black.} 1-0

[Event "Sinquefield Cup 5th"]
[Site "Saint Louis"]
[Date "2017.08.10"]
[Round "8"]
[White "Anand, Viswanathan"]
[Black "Vachier Lagrave, Maxime"]
[Result "1/2-1/2"]
[WhiteElo "2783"]
[BlackElo "2791"]
[PlyCount "60"]
[EventDate "2017.08.02"]
[EventType "tourn"]
[EventRounds "9"]
[EventCountry "USA"]
[EventCategory "22"]
[SourceTitle "CBM 180"]
[Source "ChessBase"]
[SourceDate "2017.09.13"]
[SourceVersion "1"]
[SourceVersionDate "2017.09.13"]
[SourceQuality "1"]

1. Nf3 c5 2. c4 Nf6 3. d4 cxd4 4. Nxd4 d5 5. cxd5 Nxd5 6. e4 Nb4 7. Bb5+ Bd7 8.
Bc4 N8c6 9. Nxc6 Nxc6 10. O-O e6 11. Nc3 Be7 12. Bf4 O-O 13. Qd2 Be8 14. Rfd1
Qxd2 15. Rxd2 Rc8 16. Nb5 e5 17. Bg3 Na5 18. Bf1 Bxb5 19. Bxb5 f6 20. Rad1 Kf7
21. f3 a6 22. Bf1 Nc4 23. Bxc4+ Rxc4 24. Rd7 Rb8 25. Kf1 Ke8 26. Be1 Rd8 27.
Rxd8+ Bxd8 28. Ke2 Rc2+ 29. Rd2 Rxd2+ 30. Bxd2 Kd7 1/2-1/2

[Event "Sinquefield Cup 5th"]
[Site "Saint Louis"]
[Date "2017.08.11"]
[Round "9"]
[White "So, Wesley"]
[Black "Anand, Viswanathan"]
[Result "1/2-1/2"]
[WhiteElo "2810"]
[BlackElo "2783"]
[PlyCount "66"]
[EventDate "2017.08.02"]
[EventType "tourn"]
[EventRounds "9"]
[EventCountry "USA"]
[EventCategory "22"]
[SourceTitle "CBM 180"]
[Source "ChessBase"]
[SourceDate "2017.09.13"]
[SourceVersion "1"]
[SourceVersionDate "2017.09.13"]
[SourceQuality "1"]

1. d4 Nf6 2. c4 e6 3. Nc3 Bb4 4. Qc2 O-O 5. a3 Bxc3+ 6. Qxc3 d5 7. Nf3 dxc4 8.
Qxc4 b6 9. Bg5 Ba6 10. Qa4 h6 11. Bh4 c5 12. dxc5 bxc5 13. Rc1 Qb6 14. Bxf6
gxf6 15. Rc2 c4 16. e3 Bb5 17. Qb4 Rc8 18. Be2 Nd7 19. O-O Rab8 20. Rfc1 a5 21.
Qc3 Kg7 22. Qd4 Qxd4 23. Nxd4 Ba6 24. Kf1 Ne5 25. Ke1 f5 26. Nf3 Nxf3+ 27. gxf3
Rb3 28. Bxc4 Rxc4 29. Rxc4 Bxc4 30. Rxc4 Rxb2 31. Rc5 Rb1+ 32. Ke2 Rh1 33. Rxa5
Rxh2 1/2-1/2

[Event "Douglas IoM op"]
[Site "Douglas"]
[Date "2017.09.24"]
[Round "2"]
[White "Lampert, Jonas"]
[Black "Anand, Viswanathan"]
[Result "1/2-1/2"]
[WhiteElo "2514"]
[BlackElo "2794"]
[PlyCount "56"]
[EventDate "2017.09.23"]
[EventType "swiss"]
[EventRounds "9"]
[EventCountry "IOM"]
[SourceTitle "CBM 181"]
[Source "ChessBase"]
[SourceDate "2017.11.10"]
[SourceVersion "1"]
[SourceVersionDate "2017.11.10"]
[SourceQuality "1"]

1. e4 c6 2. d4 d5 3. Nc3 dxe4 4. Nxe4 Bf5 5. Ng3 Bg6 6. c3 Nd7 7. Nf3 e6 8. Bd3
Ngf6 9. O-O Be7 10. Re1 O-O 11. Bxg6 hxg6 12. Bg5 c5 13. Qe2 cxd4 14. Nxd4 Re8
15. a3 Qb6 16. Rad1 Rac8 17. Nf3 Red8 18. Ne4 Nc5 19. Nxc5 Qxc5 20. Rxd8+ Rxd8
21. Rd1 Rxd1+ 22. Qxd1 a6 23. h3 Ne4 24. Bxe7 Qxf2+ 25. Kh2 Qg3+ 26. Kg1 Qf2+
27. Kh2 Qg3+ 28. Kg1 Qf2+ 1/2-1/2